000 00909nam a2200241Ia 4500
003 OSt
005 20220923225308.0
006 a|||||r|||| 00| 0
007 ta
008 220922b |||||||| |||| 00| 0 hin d
024 _a262,180
037 _cTextual
040 _aARTS
_cARTS
_bhin
041 _2hin
_ahin
082 _aN.44, M3
100 _aश्रीवास्तव, ए एल
_9160847
245 0 _aश्रीवत्स
_b भारतीय कला का एक मांगलिक प्रतीक
246 _aShrīvatsa: bhāratīya kalā kā ek māangalik pratīka
260 _aइलाहाबाद
_b गंगानाथ झा केन्द्रीय संस्कृत विद्यापीठ
_c1983
300 _a136पृ.
_ccm.
942 _hN.44, M3
_cTEXL
_2CC
999 _c377300
_d377300